Functional calculus for ra-isometries and related operators on Hilbert spaces and Banach spaces

We prove that if T is an m-isometry on a Hilbert space and b(z) is an inner function, then b(T) is also an m-isometry. This work is motivated by Bermudez, Mendoza and Martinon [13] where it was proved that if T is an (m, p)-isometry on a Banach space, then Tr is also an (m,p)-isometry for any posit...

Teljes leírás

Elmentve itt :
Bibliográfiai részletek
Szerző: Gu Caixing
Dokumentumtípus: Cikk
Megjelent: Bolyai Institute, University of Szeged Szeged 2015
Sorozat:Acta scientiarum mathematicarum 81 No. 3-4
Kulcsszavak:Differenciálegyenlet
Tárgyszavak:
mtmt:http://dx.doi.org/10.14232/actasm-014-550-3
Online Access:http://acta.bibl.u-szeged.hu/36288
LEADER 01624nab a2200229 i 4500
001 acta36288
005 20260224131607.0
008 161017s2015 hu o 000 eng d
022 |a 0001-6969 
024 7 |a http://dx.doi.org/10.14232/actasm-014-550-3  |2 doi 
040 |a SZTE Egyetemi Kiadványok Repozitórium  |b hun 
041 |a eng 
100 1 |a Gu Caixing 
245 1 0 |a Functional calculus for ra-isometries and related operators on Hilbert spaces and Banach spaces  |h [elektronikus dokumentum] /  |c  Gu Caixing 
260 |a Bolyai Institute, University of Szeged  |b Szeged  |c 2015 
300 |a 605-641 
490 0 |a Acta scientiarum mathematicarum  |v 81 No. 3-4 
520 3 |a We prove that if T is an m-isometry on a Hilbert space and b(z) is an inner function, then b(T) is also an m-isometry. This work is motivated by Bermudez, Mendoza and Martinon [13] where it was proved that if T is an (m, p)-isometry on a Banach space, then Tr is also an (m,p)-isometry for any positive integer r. We also prove several functional calculus formulas for a single operator or the product of two commuting operators on Hilbert spaces and Banach spaces. Results for classes of operators on Hilbert spaces such as hypercontractions in Agler [1], hyperexpansions in Athavale [7] and alternating hyperexpansion in Sholapurkar and Athavale [41] are obtained by using these formulas. Finally those classes of operators are introduced on Banach spaces. 
650 4 |a Természettudományok 
650 4 |a Matematika 
695 |a Differenciálegyenlet 
856 4 0 |u http://acta.bibl.u-szeged.hu/36288/1/math_081_numb_003_004_605-641.pdf  |z Dokumentum-elérés